<?xml version="1.0" encoding="UTF-8"?>
<record
    xmlns:xsi="http://www.w3.org/2001/XMLSchema-instance"
    xsi:schemaLocation="http://www.loc.gov/MARC21/slim http://www.loc.gov/standards/marcxml/schema/MARC21slim.xsd"
    xmlns="http://www.loc.gov/MARC21/slim">

  <leader>02887nam a22003257a 4500</leader>
  <controlfield tag="003">OSt</controlfield>
  <controlfield tag="005">20231006171508.0</controlfield>
  <controlfield tag="008">231006b           ||||| |||| 00| 0 spa d</controlfield>
  <datafield tag="040" ind1=" " ind2=" ">
    <subfield code="c">CO-MqBPB</subfield>
  </datafield>
  <datafield tag="041" ind1=" " ind2=" ">
    <subfield code="a">spa</subfield>
  </datafield>
  <datafield tag="082" ind1=" " ind2=" ">
    <subfield code="a">860.319</subfield>
    <subfield code="b">M37p</subfield>
  </datafield>
  <datafield tag="100" ind1=" " ind2=" ">
    <subfield code="a">Lauber, Mirko</subfield>
  </datafield>
  <datafield tag="245" ind1=" " ind2=" ">
    <subfield code="a">Presencia viva de la poes&#xED;a IV Encuentro de Poetas Hispanoamericanos, lectura de poemas / </subfield>
    <subfield code="c">Mirko Lauer</subfield>
  </datafield>
  <datafield tag="260" ind1=" " ind2=" ">
    <subfield code="a">Bogot&#xE1;:</subfield>
    <subfield code="b">Casa de Poes&#xED;a Silva,</subfield>
    <subfield code="c">1995</subfield>
  </datafield>
  <datafield tag="300" ind1=" " ind2=" ">
    <subfield code="a"> 1 compact disc son.</subfield>
    <subfield code="b"> (60 min.) : digital ; </subfield>
    <subfield code="c">12 cm.</subfield>
  </datafield>
  <datafield tag="490" ind1=" " ind2=" ">
    <subfield code="a">Voces para el tiempo</subfield>
  </datafield>
  <datafield tag="500" ind1=" " ind2=" ">
    <subfield code="a">Lectura realizada el 24 de octubre de 1995.</subfield>
  </datafield>
  <datafield tag="505" ind1=" " ind2=" ">
    <subfield code="a">Anuncio / Mar&#xED;a Mercedes Carranza (1:07 min.) ; Presentaci&#xF3;n de Mirko Lauer / John Fitzgerald Torres (0:50 min.) ; Un esc&#xE1;ndalo en bohemia / Mirko Lauer (6:20 min.) ; ExMiami, ExHabana, ExCairo, ExLima (3:12 min.) ; Oigo un ej&#xE9;rcito entero (4:04 min.) ; Presentaci&#xF3;n de Gonzalo Mill&#xE1;n / John Fitzgerald Torres (0:26 min.) ; Apocalipsis dom&#xE9;stico / Gonzalo Mill&#xE1;n (6:38 min.) ; Lemax (2:14 min.) ; En el furg&#xF3;n frigor&#xED;fico (1:15 min.) ; Por ahora no s&#xE9; qui&#xE9;n eres (1:20 min.) ; Presentaci&#xF3;n de Miguel Huezo Mixco / John Fitzgerald Torres (0:30 min.) ; Introducci&#xF3;n a su lectura / Miguel Huezo Mixco (0:34 min.) ; Cuatro bandidos (2:16 min.) ; El tesoro de Macedonia (1:04 min.) ; Viajero (0:38 min.) ; Algo m&#xE1;s sobre el tesoro (0:27 min.) ; El fauno (0:40 min.) ; La cueva del viejo (1:04 min.) ; Presentaci&#xF3;n de David Cherician / John Fitzgerald Torres (0:48 min.) ; Introducci&#xF3;n a su lectura / David Cherician (1:30 min.) ; Ritual de las demonias (1:10 min.) ; Yo pens&#xE9; que la vida era (0:55 min.) ; Tu qu&#xE9; vas a la Mancha (1:37 min.) ; El sembrador (0:55 min.) ; Poema de golpe (1:05 min.) ; Mientras agonizo (1:00 min.) ; Generaci&#xF3;n (1:10 min.) ; Potro sin freno (1:10 min.) ; The under dog (1:26 min.) ; La noche de los titiriteros (1:03 min.) ; Mi herencia (0:56 min.) ; 55 veces (1:22 min.) ; Mellevo m&#xE1;s (1:07 min.) ; Presentaci&#xF3;n de Margarita Laso / John Fitzgerald Torres (0:19 min.) ; Un ceibo que cuida / Margarita Laso (2:16 min.) ; En una galer&#xED;a del barrio Chino (2:58 min.) ; Se que las ratas me morder&#xE1;n (1:16 min.) ; El arco de carnero (1:20 min.) ; Ven a mi encuentro (1:45 min.) ; Hay Juli&#xE1;n de mis pecados (1:40 min.) ; Despedida / John Fitzgerald Torres (0:17 min.).</subfield>
  </datafield>
  <datafield tag="650" ind1=" " ind2=" ">
    <subfield code="a">Poes&#xED;a peruana </subfield>
    <subfield code="x">Compact disc Poes&#xED;a chilena </subfield>
  </datafield>
  <datafield tag="650" ind1=" " ind2=" ">
    <subfield code="a">Compact disc Poes&#xED;a salvadore&#xF1;a </subfield>
    <subfield code="x">Compact disc Poes&#xED;a latinoamericana </subfield>
  </datafield>
  <datafield tag="650" ind1=" " ind2=" ">
    <subfield code="a">Interpretaci&#xF3;n oral de poes&#xED;a </subfield>
    <subfield code="x">Compact disc</subfield>
  </datafield>
  <datafield tag="700" ind1=" " ind2=" ">
    <subfield code="a">Carranza, Mar&#xED;a Mercedes,</subfield>
    <subfield code="d"> 1945-2003.  </subfield>
  </datafield>
  <datafield tag="700" ind1=" " ind2=" ">
    <subfield code="a">John Fitzgerald, </subfield>
    <subfield code="d">1964-.</subfield>
  </datafield>
  <datafield tag="700" ind1=" " ind2=" ">
    <subfield code="a">Torres Sanmiguel</subfield>
  </datafield>
  <datafield tag="700" ind1=" " ind2=" ">
    <subfield code="a"> Mill&#xE1;n, Gonzalo, </subfield>
    <subfield code="d">1947-2006</subfield>
  </datafield>
  <datafield tag="700" ind1=" " ind2=" ">
    <subfield code="a">Huezo Mixco, Miguel, </subfield>
    <subfield code="d">1954-  </subfield>
  </datafield>
  <datafield tag="700" ind1=" " ind2=" ">
    <subfield code="a">Cherici&#xE1;n, David, </subfield>
    <subfield code="d">1940- </subfield>
  </datafield>
  <datafield tag="700" ind1=" " ind2=" ">
    <subfield code="a">Laso, Margarita, </subfield>
    <subfield code="d">1963- </subfield>
  </datafield>
  <datafield tag="942" ind1=" " ind2=" ">
    <subfield code="2">ddc</subfield>
    <subfield code="c">CDROM</subfield>
  </datafield>
  <datafield tag="999" ind1=" " ind2=" ">
    <subfield code="c">15069</subfield>
    <subfield code="d">15069</subfield>
  </datafield>
  <datafield tag="952" ind1=" " ind2=" ">
    <subfield code="0">0</subfield>
    <subfield code="1">0</subfield>
    <subfield code="2">ddc</subfield>
    <subfield code="4">0</subfield>
    <subfield code="7">0</subfield>
    <subfield code="8">MUL</subfield>
    <subfield code="a">BPMOS</subfield>
    <subfield code="b">BPMOS</subfield>
    <subfield code="d">2023-10-06</subfield>
    <subfield code="e">Dotaci&#xF3;n Biblioteca 2023</subfield>
    <subfield code="l">0</subfield>
    <subfield code="o">860.319 M37p</subfield>
    <subfield code="p">MOS503377</subfield>
    <subfield code="r">2023-10-06</subfield>
    <subfield code="t">Ej. 1</subfield>
    <subfield code="w">2023-10-06</subfield>
    <subfield code="y">CDROM</subfield>
    <subfield code="z">Tres d&#xED;as</subfield>
  </datafield>
</record>
